|
|
|
|
| LEADER |
00908nam a2200205 a 4500 |
| 008 |
090729s1999 enka 000 0 eng d |
| 020 |
|
|
|a 9840514857
|
| 082 |
0 |
0 |
|a 954.92
|2 21
|
| 999 |
|
|
|c 2955
|d 2955
|
| 999 |
|
|
|c 2955
|
| 245 |
1 |
0 |
|a Bangladesh, volume one :
|b Documents /
|c edited by Sheelendra Kumar Singh .......[et..al]
|
| 260 |
|
|
|a Dhaka :
|b University press.
|c 1999
|
| 300 |
|
|
|a xxviii, 719 p. :
|b illus.
|c 24 c.m.
|
| 541 |
1 |
|
|e 00007426
|
| 650 |
|
0 |
|a Bangladesh
|9 6835
|
| 700 |
1 |
|
|a Sing, Sheelendra Kumar.
|9 6836
|
| 852 |
4 |
|
|a Ayesha Abed Library
|j General shelf
|
| 942 |
|
|
|2 ddc
|c BK
|
| 952 |
|
|
|0 0
|1 0
|2 ddc
|4 0
|6 954_920000000000000_BAN
|7 0
|9 2671
|a BRACUL
|b BRACUL
|c GEN
|d 2009-08-18
|g 750.00
|l 0
|o 954.92 BAN
|p 3010007426
|r 2009-08-18
|t 1
|v 1500.00
|w 2009-08-18
|y BK
|
| 952 |
|
|
|0 0
|1 0
|2 ddc
|4 0
|6 954_920000000000000_BAN
|7 0
|9 43600
|a SCL
|b SCL
|c GEN
|d 1999-12-15
|g 750.00
|l 11
|m 9
|o 954.92 BAN
|p 3020002527
|r 2025-03-05
|s 2025-02-25
|t 2
|w 2014-09-01
|y BK
|